ফেলুদা সমগ্র / (Record no. 10352)
[ view plain ]
| 000 -LEADER | |
|---|---|
| fixed length control field | 00595nam a2200205 a 4500 |
| 003 - CONTROL NUMBER IDENTIFIER | |
| JCCL marc code | BD-JhCC |
| 005 - DATE AND TIME OF LATEST TRANSACTION | |
| control field | 20221115134023.0 |
| 008 - FIXED-LENGTH DATA ELEMENTS--GENERAL INFORMATION | |
| fixed length control field | 180424s20052017xxu |||| |||| 000 0 ben d |
| 020 ## - INTERNATIONAL STANDARD BOOK NUMBER | |
| International Standard Book Number | 9788177564806 |
| 035 ## - SYSTEM CONTROL NUMBER | |
| system control number | (BD-JhCC) |
| 040 ## - CATALOGING SOURCE | |
| Original cataloging agency | BD-JhCC |
| Modifying agency | BD-JhCC |
| 041 ## - LANGUAGE CODE | |
| Language code of Book | eng |
| 082 ## - DEWEY DECIMAL CLASSIFICATION NUMBER | |
| Classification number | 891.44 |
| Author mark and Year | ROY 2017 |
| 100 ## - MAIN ENTRY--PERSONAL NAME | |
| Personal name | রায়, সত্যজিৎ |
| 245 ## - TITLE STATEMENT | |
| Title | ফেলুদা সমগ্র / |
| Statement of responsibility, etc | সত্যজিৎ রায় |
| 260 ## - PUBLICATION, DISTRIBUTION, ETC. (IMPRINT) | |
| Place of publication, distribution, etc | ঢাকা : |
| Name of publisher, distributor, etc | আনন্দ, |
| Date of publication, distribution, etc | ২০১৭. |
| 300 ## - PHYSICAL DESCRIPTION | |
| Pagination | v 2 : |
| Dimensions | 22 cm. |
| 650 ## - SUBJECT ADDED ENTRY--TOPICAL TERM | |
| Topical term or geographic name as entry element | Detective novel |
| 942 ## - ADDED ENTRY ELEMENTS (KOHA) | |
| Source of classification or shelving scheme | Dewey Decimal Classification |
| Koha item type | Books |
| Koha issues (borrowed), all copies | 66 |
| Source of classification or shelving scheme | volume number | Damaged status | Not for loan | Home library | Current library | Shelving location | Date of accession | Cost, normal purchase price | Total Checkouts | Full call number | Barcode | Date last seen | Date checked out | Copy number | Koha item type | Checked out |
|---|---|---|---|---|---|---|---|---|---|---|---|---|---|---|---|---|
| Dewey Decimal Classification | V-2 | JCC Rouf Library | JCC Rouf Library | General Stacks | 04/24/2018 | 1000.00 | 16 | 891.44 ROY 2017 | 13602 | 05/08/2024 | 04/22/2024 | C-2 | Books | |||
| Dewey Decimal Classification | V-1 | JCC Rouf Library | JCC Rouf Library | General Stacks | 04/24/2018 | 1000.00 | 10 | 891.44 ROY 2017 | 13601 | 11/24/2022 | 07/26/2022 | C-1 | Books | |||
| Dewey Decimal Classification | V-1 | JCC Rouf Library | JCC Rouf Library | General Stacks | 09/03/2018 | 500.00 | 15 | 891.44 ROY 2017 | 14569 | 09/30/2024 | 09/30/2024 | C-3 | Books | |||
| Dewey Decimal Classification | V-2 | JCC Rouf Library | JCC Rouf Library | General Stacks | 09/03/2018 | 500.00 | 14 | 891.44 ROY 2015 | 14570 | 09/20/2023 | 09/20/2023 | C-4 | Books | 10/15/2023 |